| 000 | 03069nab a2200265 i 4500 | ||
|---|---|---|---|
| 003 | BR-BrBNA | ||
| 005 | 20231005144744.0 | ||
| 008 | 231005b2016 bl.qr|pooa||| 00| 0 por | | ||
| 040 |
_aBR-BrBNA _bpor |
||
| 072 | _aK50 | ||
| 100 | _aElias, Guilherme Alves | ||
| 100 | _aSantos, Robson dos | ||
| 245 | _aProdutos florestais não madeireiros e valor potencial de exploração sustentável da floresta atlântica no sul de Santa Catarina | ||
| 500 | _aPublicação on-line; 37 ref.; 2 tables; Summaries (En, Pt) | ||
| 520 | _a RESUMO Este estudo indicou os produtos florestais não madeireiros (PFNM) associados a espécies arbóreas dos remanescentes de Floresta Ombrófila Densa estudados no Sul de Santa Catarina. As espécies analisadas foram hierarquizadas com base na análise de valor potencial de exploração sustentável (VPES) dos PFNM, integrando-se às seguintes informações obtidas a partir de revisão bibliográfica: densidade, parte usada, capacidade de regeneração natural e crescimento, conhecimento sobre biologia reprodutiva e dinâmica populacional, processamento requerido e nível de injúria ou toxicidade. Os resultados obtidos evidenciam ser possível a conservação e desenvolvimento regional, a partir de alternativas sustentáveis de uso dos recursos florestais. Das 79 espécies observadas, 38 atingiram VPES igual ou superior a 10, sendo consideradas de elevado potencial de exploração sustentável de PFNM. Palavras-chave: Floresta Ombrófila Densa; biodiversidade; VPES; recursos naturais. | ||
| 520 | _a ABSTRACT This study indicated the non-timber forest products (NTFPs) associated with tree species of the remnants of Tropical Rain Forest studied in southern Santa Catarina. The species examined were ranked according to their potential value for sustainable exploitation (PVSE) of NTFP, applying the following information obtained from literature review: density, parts used, capacity for natural regeneration and growth, knowledge about reproductive biology and population dynamic, required processing and level of injury or toxicity. The results show possible conservation and regional development, from alternative sustainable use of forest resources. Of the 79 species observed, 38 reached PVSE equal or higher than 10, being considered of high potential for sustainable exploitation of NTFP. Keywords: Dense Ombrophilous Forest; biodiversity; PVSE; natural resources. | ||
| 650 | _aFLORESTA | ||
| 650 | _aBIODIVERSIDADE | ||
| 650 | _aRECURSO NATURAL | ||
| 650 | _aPRODUTO FLORESTAL | ||
| 773 | 0 |
_04065 _9102038 _dSanta Maria-RS Universidade Federal de Santa Maria - Centro de Pesquisas Florestais.Departamento de Ciências Florestais. Programa de Pós-Graduação em Engenharia Florestal 1991 _o2023-436444 _tCiência Florestal (Brazil) _x0103-9954; 1980-5098 (on-line) _gv. 26(1) p. 249-262; (Jan-Mar 2016) _wBR2023001171 |
|
| 856 | _uhttps://www.scielo.br/j/cflo/a/FdpVzctsYKRzSj7pm8FVCts/?format=pdf&lang=pt | ||
| 942 | _cAnalítica | ||
| 999 |
_c86410 _d86410 |
||